00699nam a2200265Ia 4500008004100000020001600041050000900057050001400066100002200080245002500102245002700127245002900154260001400183260002500197260000900222300001600231300003400247300001100281440002400292440001100316500002000327650003900347650002500386700002200411170203s9999 xx 000 0 und d a0 717295672 a0 30 bT374 2001 aFlanders, Julian. 4aThe story of music : bThe music profession / ceditor, Julian Flanders. aDanbury : bBrown Partworks Ltd. c2001 a80 pages :  billustrations (some color) ;  c29 cm. aThe Story of Music. vvol. 8 aIncludes index. aMusic -- History and criticism --  xJuvenile literature. a0 717295591 (set)